000 006680000a22001930004500
003 LK-CoMWRAF
008 230817t2002 ||||| |||| 00| 0 eng d
020 _a 9789748544700
040 _aLK-CoMWRAF
_dLK-CoMWRAF
_eLK-CoMWRAF
041 _aeng
082 _a323.34
_bGEN
111 _aGENDER AND IDENTITY BASED POLITICS WORKSHOP, ASIA PACIFIC FORUM ON WOMEN, LAW AND DEVELOPMENT
_c( Komnas Perempuan, Indonesia)
245 _aGender and Identity-Based Politics
260 _aChiangmai:
_b Asia Pacific Forum on Women, Law and Development,
_c[2002]
300 _a100 p. ; 30 cm
650 _aGENDER IDENTITY-Asia-Congresses
650 _aWomen's rights
942 _cCP
999 _c662
_d662